| 000 | 00536nam a2200181Ia 4500 | ||
|---|---|---|---|
| 008 | 090123s9999 xx 000 0 und d | ||
| 082 |
_b23755 _a891.463/बापट |
||
| 100 | _aबापट मुकुंद | ||
| 245 | _aमित्रा | ||
| 250 | _a0 | ||
| 260 |
_bगोकुळ मासिक प्रकाशन _c1994 |
||
| 300 | _a186 | ||
| 600 | _aबापट मुकुंद | ||
| 630 | _aमित्रा | ||
| 700 | _aबापट मुकुंद | ||
| 730 | _aमित्रा | ||
| 942 | _cBOOK | ||
| 999 |
_c61826 _d61826 |
||